000 00489nam a2200181Ia 4500
001 21163
005 20260306172859.0
008 260306t1998||||xx |||||||||||||| ||spa||
041 _aESP
082 _a344E
_bV66B
100 _aVilla Stein, Javier [1948-...]
_eAUT
245 0 _aDerecho penal:
_bparte especial. Delitos contra el honor, la familia y la libertad
260 _c1998
300 _a233 páginas :
_c21 cm.
650 _aGEN
654 _aCDE
942 _cLIB
_dJUS
_fJUS
_2ddc
_n
999 _c21163
_d21163